[Event "SVK-chT4 A21 2122"]
[Site "Slovakia"]
[Date "2022.03.13"]
[Round "10.5"]
[White "Holan, Jaroslav"]
[Black "Fidericky, Milan"]
[Result "0-1"]
[WhiteElo "1434"]
[BlackElo "1696"]
[PlyCount "60"]
[EventDate "2021.10.17"]
[EventType "team-tourn"]
[EventRounds "11"]
[EventCountry "SVK"]
[SourceTitle "EXT 2024"]
[Source "ChessBase"]
[SourceDate "2023.10.10"]
[SourceVersion "1"]
[SourceVersionDate "2023.10.10"]
[SourceQuality "1"]
[WhiteTeam "Vrbove II"]
[BlackTeam "Senica"]
[WhiteTeamCountry "SVK"]
[BlackTeamCountry "SVK"]

1. e4 e5 2. f4 exf4 3. Nf3 Be7 4. h4 Nf6 5. e5 Nh5 6. d4 Ng3 7. Rh3 Nxf1 8. Kxf1 d6 9. Bxf4 Bxh3 10. gxh3 dxe5 11. Bxe5 0-0 12. Bg3 Nd7 13. Qd3 Bf6 14. Nbd2 Re8 15. c3 h6 16. Ne4 Nf8 17. Kg2 Qd5 18. Nxf6+ gxf6 19. a3 Re7 20. Re1 Rxe1 21. Bxe1 Re8 22. Bd2 h5 23. c4 Qe4 24. Qc3 Ng6 25. Kg3 Ne7 26. d5 Nf5+ 27. Kf2 Qe2+ 28. Kg1 Ng3 29. Qxf6 Ne4 30. Qf4 Qf2+ 0-1

[Event "SVK-chT4 A21 1617"]
[Site "Slovakia"]
[Date "2017.02.12"]
[Round "9.3"]
[White "Fidericky, Milan"]
[Black "Vozarova, Adriana"]
[Result "0-1"]
[WhiteElo "1704"]
[BlackElo "1633"]
[PlyCount "60"]
[EventDate "2016.10.09"]
[EventType "team-tourn"]
[EventRounds "11"]
[EventCountry "SVK"]
[SourceTitle "EXT 2020"]
[Source "ChessBase"]
[SourceDate "2019.10.17"]
[SourceVersion "1"]
[SourceVersionDate "2019.10.17"]
[SourceQuality "1"]
[WhiteTeam "Senica II"]
[BlackTeam "Stefanov"]
[WhiteTeamCountry "SVK"]
[BlackTeamCountry "SVK"]

1. d4 d5 2. c4 e6 3. Nc3 Nf6 4. Nf3 Nbd7 5. Bg5 Be7 6. e3 0-0 7. Rc1 b6 8. Bd3 Bb7 9. 0-0 Rc8 10. Ne5 h6 11. Bf4 c5 12. cxd5 Nxe5 13. dxe5 Nxd5 14. Nxd5 Qxd5 15. e4 Qd4 16. Qf3 c4 17. Bb1 Qxb2 18. Qh5 Rfd8 19. Rc2 Qd4 20. Re2 c3 21. Be3 Qc4 22. Qg4 Kh7 23. f4 Ba6 24. Rfe1 Rd7 25. f5 Rcd8 26. Rf2 Bc5 27. Bxc5 Qxc5 28. fxe6 fxe6 29. Qxe6 Rd1 30. Qf5+ Kh8 0-1

[Event "SVK-chT3A2 1617"]
[Site "Slovakia"]
[Date "2016.12.11"]
[Round "5.6"]
[White "Fidericky, Milan"]
[Black "Rau, Vladimir"]
[Result "0-1"]
[WhiteElo "1749"]
[BlackElo "1595"]
[PlyCount "72"]
[EventDate "2016.10.16"]
[EventType "team-tourn"]
[EventRounds "11"]
[EventCountry "SVK"]
[SourceTitle "EXT 2020"]
[Source "ChessBase"]
[SourceDate "2019.10.17"]
[SourceVersion "1"]
[SourceVersionDate "2019.10.17"]
[SourceQuality "1"]
[WhiteTeam "Senica SK"]
[BlackTeam "Modranka Komplet"]
[WhiteTeamCountry "SVK"]
[BlackTeamCountry "SVK"]

1. e4 c6 2. d4 d5 3. e5 Bf5 4. Bd3 Bxd3 5. Qxd3 e6 6. f4 Nd7 7. Nf3 Ne7 8. Be3 Qb6 9. b3 g6 10. Nbd2 Bg7 11. 0-0 0-0 12. g4 Rac8 13. Nh4 f5 14. h3 Qc7 15. Ndf3 c5 16. Rac1 cxd4 17. Nxd4 Nc5 18. Qd1 Qd7 19. gxf5 gxf5 20. Qh5 Ne4 21. Kh2 Nc6 22. Rg1 Nxd4 23. Bxd4 Qf7 24. Qf3 Kh8 25. Rg2 a6 26. Qe2 Bh6 27. Qe3 Rg8 28. Rcg1 Qh5 29. Nf3 Rxg2+ 30. Rxg2 Rg8 31. Rxg8+ Kxg8 32. Bb2 Qg6 33. Ne1 Kf7 34. Nd3 Bf8 35. Qg1 Qh5 36. Qg2 Qd1 0-1

[Event "SVK-chT4 A21 1516"]
[Site "Slovakia"]
[Date "2016.01.24"]
[Round "7.4"]
[White "Fidericky, Milan"]
[Black "Drozd, Jan"]
[Result "1-0"]
[WhiteElo "1751"]
[BlackElo "1566"]
[PlyCount "59"]
[EventDate "2015.10.04"]
[EventType "team-tourn"]
[EventRounds "11"]
[EventCountry "SVK"]
[SourceTitle "EXT 2017"]
[Source "ChessBase"]
[SourceDate "2016.10.25"]
[SourceVersion "1"]
[SourceVersionDate "2016.10.25"]
[SourceQuality "1"]
[WhiteTeam "Senica SK II"]
[BlackTeam "Senica CVC II"]
[WhiteTeamCountry "SVK"]
[BlackTeamCountry "SVK"]

1. d4 Nf6 2. c4 g6 3. Nc3 Bg7 4. e4 d6 5. Be2 0-0 6. Nf3 c5 7. d5 e5 8. 0-0 a6 9. a3 Bg4 10. h3 Bxf3 11. Bxf3 Nbd7 12. b4 Ne8 13. Qc2 f5 14. Rb1 Rb8 15. bxc5 Nxc5 16. Be3 fxe4 17. Nxe4 b6 18. Nxc5 bxc5 19. Rxb8 Qxb8 20. Rb1 Qa7 21. Rb3 Nf6 22. Qb1 Rf7 23. Rb8+ Rf8 24. Rb7 Qa8 25. Bg5 Rd8 26. Bg4 Rf8 27. Be6+ Kh8 28. Qb6 Rd8 29. Bxf6 Bxf6 30. Qc7 1-0

[Event "SVK-chT3A2 1314"]
[Site "Slovakia"]
[Date "2014.02.02"]
[Round "8.4"]
[White "Skapik, Branislav"]
[Black "Fidericky, Milan"]
[Result "1-0"]
[WhiteElo "1841"]
[BlackElo "1816"]
[PlyCount "107"]
[EventDate "2013.10.13"]
[EventType "team-tourn"]
[EventRounds "11"]
[EventCountry "SVK"]
[SourceTitle "EXT 2015"]
[Source "ChessBase"]
[SourceDate "2014.11.20"]
[SourceVersion "1"]
[SourceVersionDate "2014.11.20"]
[SourceQuality "1"]
[WhiteTeam "Senica CVC"]
[BlackTeam "Senica SK"]
[WhiteTeamCountry "SVK"]
[BlackTeamCountry "SVK"]

1. Nf3 d5 2. g3 g6 3. Bg2 Bg7 4. d4 Nf6 5. 0-0 0-0 6. Nc3 Nc6 7. Re1 e6 8. Bf4 Nh5 9. Bg5 f6 10. Bd2 Bh8 11. g4 Ng7 12. Bh6 Rf7 13. e4 dxe4 14. Nxe4 Ne8 15. Nc5 Re7 16. h4 Qd6 17. c3 Nd8 18. Nd2 c6 19. Nde4 Qc7 20. Qf3 Nf7 21. Bf4 e5 22. Bg3 b6 23. Nd3 Bb7 24. Rac1 Rd8 25. Bh3 c5 26. Qe3 exd4 27. Bxc7 dxe3 28. Bxd8 Rxe4 29. f3 Re6 30. Nf4 Rd6 31. Be7 Rd7 32. Rxe3 Ne5 33. Bxf6 Bxf6 34. g5 Nxf3+ 35. Rxf3 Bxf3 36. Bxd7 Be5 37. Nd3 Bg3 38. Bxe8 Bxh4 39. Ne5 Bxg5 40. Re1 Bd5 41. c4 Bb7 42. Bc6 Bc8 43. Bd5+ Kg7 44. Nf3 Bf6 45. b3 Bd7 46. Kg2 g5 47. Rf1 Be8 48. Nd2 Bg6 49. Ne4 Be7 50. Ng3 Bd8 51. Be4 Bxe4+ 52. Nxe4 h5 53. Rf5 Kg6 54. Rd5 1-0

[Event "SVK-chT3A2 1213"]
[Site "Slovakia"]
[Date "2013.02.10"]
[Round "8.4"]
[White "Hornak, Pavol"]
[Black "Fidericky, Milan"]
[Result "1-0"]
[WhiteElo "1753"]
[BlackElo "1835"]
[PlyCount "110"]
[EventDate "2012.10.07"]
[EventType "team-tourn"]
[EventRounds "11"]
[EventCountry "SVK"]
[SourceTitle "EXT 2015"]
[Source "ChessBase"]
[SourceDate "2014.11.20"]
[SourceVersion "1"]
[SourceVersionDate "2014.11.20"]
[SourceQuality "1"]
[WhiteTeam "Cifer"]
[BlackTeam "Senica SK"]
[WhiteTeamCountry "SVK"]
[BlackTeamCountry "SVK"]

1. d4 d5 2. c4 e6 3. Nf3 Nf6 4. g3 dxc4 5. Qa4+ Bd7 6. Qxc4 Bc6 7. Bg2 Nbd7 8. 0-0 Be7 9. Nc3 0-0 10. b3 Nb6 11. Qd3 Bb4 12. a3 Bxc3 13. Qxc3 h6 14. Bb2 Ne4 15. Qc2 Nd6 16. Rac1 Rc8 17. Rfe1 Be4 18. Qd2 c6 19. Red1 Nd5 20. Ne1 Bxg2 21. Nxg2 Qf6 22. e3 Qf3 23. Nh4 Qe4 24. Re1 g5 25. f3 Qh7 26. Ng2 f5 27. Qd3 Nf6 28. h3 Rc7 29. Rc2 Rd7 30. Rce2 Qf7 31. Rf2 Qg6 32. Kh2 Qh7 33. Rh1 h5 34. Kg1 Qf7 35. Qc2 Qh7 36. Ne1 Nd5 37. Re2 Rc8 38. Rhh2 Kf7 39. Nd3 Kg8 40. Ne5 Rdd8 41. Rhg2 Nf7 42. Nd3 b6 43. e4 fxe4 44. Rxe4 Qf5 45. Qf2 Nd6 46. Qe2 Nxe4 47. fxe4 Qxh3 48. exd5 Rxd5 49. Nf2 Qf5 50. Qxh5 Qb1+ 51. Kh2 Qf5 52. Ng4 Qf8 53. Rf2 Rf5 54. Nh6+ Kg7 55. Nxf5+ exf5 1-0

[Event "SVK-chT3A2 1213"]
[Site "Slovakia"]
[Date "2012.10.21"]
[Round "2.6"]
[White "Fidericky, Milan"]
[Black "Vach, Jozef"]
[Result "1/2-1/2"]
[WhiteElo "1835"]
[BlackElo "1793"]
[PlyCount "39"]
[EventDate "2012.10.07"]
[EventType "team-tourn"]
[EventRounds "11"]
[EventCountry "SVK"]
[SourceTitle "EXT 2015"]
[Source "ChessBase"]
[SourceDate "2014.11.20"]
[SourceVersion "1"]
[SourceVersionDate "2014.11.20"]
[SourceQuality "1"]
[WhiteTeam "Senica SK"]
[BlackTeam "Skalica"]
[WhiteTeamCountry "SVK"]
[BlackTeamCountry "SVK"]

1. d4 Nf6 2. c4 e6 3. Nc3 d5 4. Bg5 Be7 5. e3 c6 6. Nf3 Nbd7 7. Rc1 0-0 8. Bd3 h6 9. Bh4 dxc4 10. Bxc4 b5 11. Bd3 Bb7 12. 0-0 a6 13. Qe2 c5 14. dxc5 Nxc5 15. Bc2 Nfe4 16. Nxe4 Bxe4 17. Bxe4 Nxe4 18. Rfd1 Qe8 19. Bxe7 Qxe7 20. Rd4 1/2-1/2

[Event "SVK-chT3A2 0910"]
[Site "Slovakia"]
[Date "2009.10.24"]
[Round "2.5"]
[White "Vlkovic, Pavol"]
[Black "Fidericky, Milan"]
[Result "0-1"]
[WhiteElo "1930"]
[BlackElo "1852"]
[PlyCount "84"]
[EventDate "2009.10.18"]
[EventType "team-tourn"]
[EventRounds "11"]
[EventCountry "SVK"]
[SourceTitle "EXT 2011"]
[Source "ChessBase"]
[SourceDate "2010.11.26"]
[SourceVersion "1"]
[SourceVersionDate "2010.11.26"]
[SourceQuality "1"]
[WhiteTeam "Cifer"]
[BlackTeam "Senica"]
[WhiteTeamCountry "SVK"]
[BlackTeamCountry "SVK"]

1. e4 e5 2. Nf3 Nf6 3. Bc4 Bc5 4. d3 d6 5. h3 0-0 6. Bg5 h6 7. Bh4 Be6 8. Nbd2 Nbd7 9. 0-0 c6 10. a4 a5 11. c3 Qc7 12. Re1 Bxc4 13. Nxc4 Rfe8 14. Ne3 g6 15. Nh2 Bxe3 16. Rxe3 Kg7 17. g4 d5 18. g5 hxg5 19. Bxg5 dxe4 20. dxe4 Re6 21. Ng4 Ng8 22. b4 f6 23. Rd3 Nf8 24. Bh4 axb4 25. cxb4 Re7 26. Qf3 g5 27. Bg3 Rd8 28. Rxd8 Qxd8 29. Ne3 Rd7 30. Nf5+ Kg6 31. h4 Rd3 32. h5+ Kh7 33. Ne3 Qd6 34. Qf5+ Kh8 35. Ng4 Rxg3+ 36. fxg3 Qd4+ 37. Qf2 Qxa1+ 38. Kh2 Nh7 39. Qf5 Qb2+ 40. Kh3 Qxb4 41. Qg6 Qf8 42. Ne3 Ne7 0-1

[Event "SVK-chT1E 0708"]
[Site "Slovakia"]
[Date "2008.03.16"]
[Round "11.4"]
[White "Polacik, Igor"]
[Black "Fidericky, Milan"]
[Result "1-0"]
[WhiteElo "2130"]
[BlackElo "1883"]
[PlyCount "71"]
[EventDate "2007.10.13"]
[EventType "team-swiss"]
[EventRounds "11"]
[EventCountry "SVK"]
[SourceTitle "EXT 2019"]
[Source "ChessBase"]
[SourceDate "2018.10.10"]
[SourceVersion "1"]
[SourceVersionDate "2018.10.10"]
[SourceQuality "1"]
[WhiteTeam "Bratislava Doprastav"]
[BlackTeam "Senica SK"]
[WhiteTeamCountry "SVK"]
[BlackTeamCountry "SVK"]

1. e4 c6 2. Nf3 d5 3. Nc3 Bg4 4. h3 Bxf3 5. Qxf3 dxe4 6. Nxe4 Nf6 7. Nxf6+ exf6 8. Bc4 Bd6 9. Qe3+ Qe7 10. Qxe7+ Bxe7 11. d4 0-0 12. Bf4 Rd8 13. 0-0-0 Nd7 14. Rhe1 Kf8 15. d5 Ne5 16. dxc6 Nxc6 17. Rxd8+ Rxd8 18. Rd1 Bc5 19. Rxd8+ Nxd8 20. f3 Ne6 21. Bd2 Ke7 22. c3 Kd6 23. b4 Bf2 24. Kd1 Ke5 25. Ke2 Bg1 26. g3 a6 27. a4 g5 28. Be3 Bxe3 29. Kxe3 h6 30. a5 f5 31. g4 fxg4 32. hxg4 Nd8 33. Bd3 Nc6 34. Be4 f6 35. Bxc6 bxc6 36. c4 1-0

[Event "SVK-chT3A2 0607"]
[Site "Slovakia"]
[Date "2007.02.25"]
[Round "9"]
[White "Fidericky, Milan"]
[Black "Markuliak, Mario"]
[Result "0-1"]
[WhiteElo "1888"]
[BlackElo "1588"]
[PlyCount "50"]
[EventDate "2006.10.08"]
[EventType "team-tourn"]
[EventRounds "11"]
[EventCountry "SVK"]
[SourceTitle "EXT 2008"]
[Source "ChessBase"]
[SourceDate "2007.11.25"]
[SourceVersion "1"]
[SourceVersionDate "2007.11.25"]
[SourceQuality "1"]
[WhiteTeam "Senica II"]
[BlackTeam "Cifer"]
[WhiteTeamCountry "SVK"]
[BlackTeamCountry "SVK"]

1. e4 d6 2. d4 Nf6 3. Nc3 g6 4. Nf3 Bg7 5. Bc4 0-0 6. 0-0 Bg4 7. h3 Bxf3 8. gxf3 c5 9. d5 Nbd7 10. Kh2 Ne5 11. b3 Nh5 12. Be3 Nxc4 13. bxc4 Bxc3 14. Rb1 b6 15. Rb3 Be5+ 16. Kh1 e6 17. Qe2 Qh4 18. Kg2 Nf4+ 19. Bxf4 Bxf4 20. Rg1 f5 21. exf5 Rxf5 22. Qxe6+ Kh8 23. Qe4 Rg5+ 24. Kf1 Qxh3+ 25. Ke2 Re5 0-1

[Event "SVK-chT3A2 0607"]
[Site "Slovakia"]
[Date "2006.11.26"]
[Round "4"]
[White "Fidericky, Milan"]
[Black "Mihalik, Anton"]
[Result "0-1"]
[WhiteElo "1888"]
[BlackElo "1994"]
[PlyCount "52"]
[EventDate "2006.10.08"]
[EventType "team-tourn"]
[EventRounds "11"]
[EventCountry "SVK"]
[SourceTitle "EXT 2008"]
[Source "ChessBase"]
[SourceDate "2007.11.25"]
[SourceVersion "1"]
[SourceVersionDate "2007.11.25"]
[SourceQuality "1"]
[WhiteTeam "Senica II"]
[BlackTeam "Piestany Kupele II"]
[WhiteTeamCountry "SVK"]
[BlackTeamCountry "SVK"]

1. d4 d5 2. c4 e6 3. Nc3 Nf6 4. Bg5 Be7 5. e3 Nbd7 6. Nf3 0-0 7. Rc1 a6 8. Bd3 dxc4 9. Bxc4 b5 10. Bd3 Bb7 11. 0-0 Rc8 12. Bb1 c5 13. dxc5 Nxc5 14. b4 Ncd7 15. a3 h6 16. Bh4 Nb6 17. Qb3 Nc4 18. Rfd1 Qb6 19. Bd3 Rfd8 20. Be2 Rxd1+ 21. Rxd1 Nxe3 22. Rb1 Nc4 23. Bxc4 Rxc4 24. Bg3 Bd6 25. Nd2 Bxg3 26. hxg3 Qc6 0-1